| 000 | 00348nam a2200133Ia 4500 | ||
|---|---|---|---|
| 005 | 20251222141927.0 | ||
| 008 | 251222s9999||||xx |||||||||||||| ||spa|| | ||
| 020 | _a84-7914-460-2 | ||
| 082 | _a233/S31/2000 | ||
| 100 | _aScola, Angelo | ||
| 245 | 0 | _aCuestiones de Antropología Teológica | |
| 264 | _bBiblioteca de Autores Cristianos | ||
| 942 | _cLIB | ||
| 999 |
_c8911 _d8911 |
||